Revitalizácia vybraných interiérových priestorov bývalého obchodného domu Dunaj (Brouk & Babka)
Gespeichert in:
| 1. Verfasser: | |
|---|---|
| Weitere Verfasser: | |
| Format: | Manuskript Buch |
| Sprache: | Slowakisch |
| Veröffentlicht: |
Bratislava
2023
|
| Schlagworte: | |
| Online-Zugang: | http://is.stuba.sk/zp/portal_zp.pl?podrobnosti=171775 |
| Tags: |
Keine Tags, Fügen Sie das erste Tag hinzu!
|
MARC
| LEADER | 00000ntm a22000003a 4500 | ||
|---|---|---|---|
| 001 | stuzp93994 | ||
| 003 | SK-STU | ||
| 005 | 20231009105912.5 | ||
| 007 | ta | ||
| 008 | 150427s2015----xo-----f-mn---000-0-slo-d | ||
| 040 | |a STU |b slo | ||
| 041 | 0 | |a slo | |
| 100 | 1 | |a Ridzoňová, Klaudia |u 055150 |4 aut |U FAD Fakulta architektúry a dizajnu |T FAD Ústav interiéru a výstavníctva |X 93700 |U A5150 |Y 396 |7 93700 | |
| 242 | 0 | 1 | |a Revitalization of selected interior spaces of the former Dunaj department store (Brouk & Babka) |y eng |
| 245 | 1 | 0 | |a Revitalizácia vybraných interiérových priestorov bývalého obchodného domu Dunaj (Brouk & Babka) |
| 260 | |c 2023 |a Bratislava | ||
| 650 | 4 | |a interiérový dizajn |2 slo | |
| 650 | 4 | |a obchodný dom Dunaj |2 slo | |
| 650 | 4 | |a súkromná klinika |2 slo | |
| 650 | 4 | |a interior design, |2 eng | |
| 650 | 4 | |a Dunaj department store |2 eng | |
| 650 | 4 | |a private clinic |2 eng | |
| 700 | 1 | |a Morávková, Katarína |u 055150 |k Z8 |4 ths |U FAD Fakulta architektúry a dizajnu |T FAD Ústav interiéru a výstavníctva |X 422 |U A5150 |Y 396 |7 A000000422 | |
| 856 | 4 | |u http://is.stuba.sk/zp/portal_zp.pl?podrobnosti=171775 |u https://opac.crzp.sk/?fn=detailBiblioForm&sid=1755732D0F093F437BA63EEAC795 | |